Statistics for Norway in the Eurovision Song Contest

Click here to take the quiz!

General Stats

  • This quiz has been taken 49 times
    (15 since last reset)
  • The average score is 22 of 63

Answer Stats

YearPlaceSongArtist(s)% Correct
201815That's How You Write a SongAlexander Rybak
100%
20091FairytaleAlexander Rybak
100%
20196Spirit in the SkyKEiiNO
100%
20235Queen of KingsAlessandra
93%
202118Fallen AngelTix
93%
202425UlvehamGåte
86%
202210Give That Wolf a BananaSubwoolfer
86%
2020-AttentionUlrikke
79%
19851La det swingeBobbysocks
71%
201710Grab the MomentJOWST
71%
20134I Feed You My LoveMargaret Berger
64%
201226StayTooji
64%
20148Silent StormCarl Espen
57%
20158A Monster Like MeMørland & Debrah Scarlett
57%
201613 (SF)IcebreakerAgnete
50%
197820Mil etter milJahn Teigen
50%
19839Do Re MiJahn Teigen
50%
198212AdieuJahn Teigen & Anita Skorgan
50%
19951NocturneSecret Garden
50%
201117 (SF)Haba HabaStella Mwangi
50%
201020My Heart Is YoursDidrik Solli-Tangen
43%
20085Hold On Be StrongMaria Haukaas Storeng
29%
197911OliverAnita Skorgan
21%
197714CasanovaAnita Skorgan
21%
197618Mata HariAnne-Karine Strøm
21%
197414The First Day of LoveAnne-Karine Strøm & Bendik Singers
21%
200011My Heart Goes BoomCharmed
21%
200614AlvedansenChristine Guldbrandsen
21%
198417Lenge leve livetDollie de Luxe
21%
19946DuettElisabeth Andreassen & Jan Werner Danielsen
21%
198120Aldri i livetFinn Kalvik
21%
200718 (SF)Ven a bailar conmigoGuri Schanke
21%
197117Lykken erHanne Krogh
21%
20034I'm Not Afraid To Move OnJostein Hasselgård
21%
19879Mitt livKate Gulbrandsen
21%
199021Brandenburger TorKetil Stokkan
21%
198612RomeoKetil Stokkan
21%
196916Oj, oj, oj, så glad jeg skal bliKirsti Sparboe
21%
196714DukkemannKirsti Sparboe
21%
196513KarusellKirsti Sparboe
21%
19617Sommer i PalmaNora Brockstedt
21%
19604Voi VoiNora Brockstedt
21%
199914Living My Life Without YouStig Van Eijk
21%
199724San FranciscoTor Endresen
21%
20059In My DreamsWig Wam
21%
196313SolhvervAnita Thallaug
14%
19648SpiralArne Bendiksen
14%
19663Intet er nytt under solenÅse Kleveland
14%
19737It's Just a GameBendik Singers
14%
198917Venners nærhetBritt Synnøve
14%
19962I evighetElisabeth Andreassen
14%
197518Touch My Life (With Summer)Ellen Nikolaysen
14%
197214SmåtingGrethe Kausland & Benny Borg
14%
200122On My OwnHaldor Lægreid
14%
199117Mrs. ThompsonJust 4 Fun
14%
19885For vår jordKaroline Krüger
14%
200424HighKnut Anders Sørum
14%
19988Alltid sommerLars A. Fredriksen
14%
199218VisjonerMerethe Trøan
14%
196813StressOdd Børre
14%
19935Alle mine tankarSilje Vige
14%
198016Sámiid ædnanSverre Kjelsberg & Mattis Hætta
14%
196210Kom sol, kom regnInger Jacobsen
7%

Score Distribution

Percentile by Number Answered

Percent of People with Each Score

Your Score History

You have not taken this quiz since the last reset